Acquisitions (Fogg Art Museum)

Dettagli Bibliografici
Natura: Elettronico Periodico
Lingua:English
Pubblicazione: The President and Fellows of Harvard College
Soggetti:
Accesso online:Full text available on JSTOR[1959-01-01 - 1969-01-01]
Off-campus access
LEADER 00969cas a2200205 a 4500
001 AALejournalJSTOR002113
008 230228c9999 xx r poo 0 0eng d
022 |a 0440-3800 
040 |a BD-DhAAL  |c BD-DhAAL 
245 0 0 |h [electronic resource]  |a Acquisitions (Fogg Art Museum) 
260 |b The President and Fellows of Harvard College 
300 |a 1 online resource 
362 0 |a no. 1959/1962 
500 |a <strong>Off-Campus Access:</strong> Athens ID and Password Required 
500 |a <strong>On-Campus Access:</strong> No User ID or Password Required 
506 |a Electronic access restricted to authorized BRAC University faculty, staff and students 
538 |a Mode of access: Internet 
650 4 |a Art & Art History ; Arts 
856 4 0 |z Full text available on JSTOR[1959-01-01 - 1969-01-01]  |u https://www.jstor.org/journal/acqufogg 
856 4 0 |z Off-campus access  |u https://go.openathens.net/redirector/bracu.ac.bd?url=https%3A%2F%2Fwww.jstor.org%2Fjournal%2Facqufogg